Methods of Operations Research
Salvato in:
| Autore principale: | |
|---|---|
| Altri autori: | |
| Natura: | Libro |
| Lingua: | inglese |
| Pubblicazione: |
New York
Wiley
1951
|
| Edizione: | 1. ed. |
| Soggetti: | |
| Tags: |
Nessun Tag, puoi essere il primo ad aggiungerne!!
|
MARC
| LEADER | 00000nam a2200000 4500 | ||
|---|---|---|---|
| 001 | c002008 | ||
| 005 | 20221220103303.9 | ||
| 041 | 0 | |a eng | |
| 044 | |a US | ||
| 245 | 1 | 0 | |a Methods of Operations Research |c Philip M. Morse, George E. Kimball |
| 250 | |a 1. ed. | ||
| 264 | 1 | |a New York |b Wiley |c 1951 | |
| 300 | |a 158 s. | ||
| 610 | 2 | 0 | |a metódy optimalizačné |
| 610 | 2 | 0 | |a analýza operačná |
| 610 | 2 | 0 | |a pravdepodobnosť |
| 610 | 2 | 0 | |a efektívnosť |
| 610 | 2 | 0 | |a experimenty |
| 610 | 2 | 0 | |a podnik |
| 610 | 2 | 0 | |a organizácia |
| 610 | 2 | 0 | |a optimalizácia |
| 100 | 1 | |a Morse, Philip M. | |
| 700 | 1 | |a Kimball, George E. | |